000 00447nam a2200181Ia 4500
001 15764
003 IN-NITTTR
005 20251114233148.0
008 251113s9999||||xx |||||||||||||| ||eng||
040 _beng
040 _cIN-NITTTR
041 _aeng
082 _a370.3 P141I R
100 _aPage, G.Terry
245 0 _aInternational dictionary of education. /
_cPage, G.Terry, Thomas, J. B.
700 _a Thomas, J. B.
942 _2ddc
_cBK
999 _c18398
_d18398